Текст томруулах:    
Living theatre (Бичлэгийн дугаар. 145463)
000 -УДИРДЛАГА
Удирдлага 00814nam a22003017a 4500
003 - ХЯНАЛТЫН ТОО ТОДОРХОЙЛОГЧ
Код MN-UlNUM
005 - БИЧИЛТ ХИЙСЭН ОГНОО
Тухайн бичилтийг бичсэн засварласан сүүлийн огноо 20251111134253.0
008 - ЕРӨНХИЙ МЭДЭЭЛЭЛ
Ерөнхий мэдээлэл 251111s2004 mauab||| |||| 001 0 eng |
020 ## - ISBN
ISBN 0072562579
040 ## - БИЧЛЭГ ҮҮСГЭГЧ БАЙГУУЛЛАГА
Бичлэг үүсгэгч номын сангийн код МУИС-ийн номын сан
084 ## - ББК АНГИЛАЛ
Нэмэлт тусгалт Бусад
ББК ангилал 85.33
Зохиогчийн гурван тэмдэгт W 68
Мэдлэгийн ялгаа 85 - Урлаг
100 1# - ЗОХИОГЧ
Зохиогчийн нэр Wilson, Edwin,
Зохиогчийн огноо 1927-
245 10 - ҮНДСЭН ГАРЧИГ
Номын нэр Living theatre
Бага гарчгийн мэдээ a history
Оролцогчдын тухай мэдээ Edwin Wilson, Alvin Goldfarb.
250 ## - ДАХИН ХЭВЛЭЛТ
Дахин гаралтын дугаар 4th ed
260 ## - ГАРАЛТЫН МЭДЭЭ
Хэвлэгдсэн газар Boston :
Хэвлэлийн газар McGraw-Hill,
Хэвлэгдсэн он 2004.
300 ## - МАТЕРИАЛЫН ТОДОРХОЙЛОЛТ
хуудасны тоо xxii, 595, [52] p. :
Бусад тоон мэдээлэл ill. (some col.) ;
Хэмжээ 24 cm.
500 ## - Тайлбар
Дансны дугаар БС 2077
546 ## - ХЭЛНИЙ ТУХАЙ МЭДЭЭ
Хэл Англи хэл дээр,
653 ## - Түлхүүр үг
Түлхүүр үг theater
653 ## - Түлхүүр үг
Түлхүүр үг history
700 1# - ХАМ ЗОХИОГЧИД
Ба бус Goldfarb, Alvin.
740 ## - НОМЫН ГАРЧИГ
Гарчиг Early theatre
740 ## - НОМЫН ГАРЧИГ
Гарчиг Theatres of the renaissance
740 ## - НОМЫН ГАРЧИГ
Гарчиг Theatre from 1660 to 1875
740 ## - НОМЫН ГАРЧИГ
Гарчиг Modern theatre
942 ## - ЭЛЕМЕНТИЙН ТӨРӨЛ
Зүйлийн төрөл Ном